000 00783nac a22002651u 4500
003 EG-ScBUE
005 20220905095835.0
008 100610q2004 ko a f 000 0 eng d
020 _a8957700536
020 _a8957700447
040 _aEG-ScBUE
_beng
_erda
_cEG-ScBUE
_dEG-ScBUE
082 0 4 _a720
_222
_bMOD
245 0 0 _aModern architect :
_bPOS - A.C.
264 1 _aSeoul, Korea :
_bArchiworld Co.,
_c[2004?]
300 _a253 pages :
_billustrations (chiefly color) ;
_c31 cm
336 _2rdacontent
_atext
_btxt
337 _2rdamedia
_aunmediated
_bn
338 _2rdacarrier
_avolume
_bnc
546 _aText in Korean and English.
650 7 _aArchitectural firms.
_914682
_2BUEsh
651 _2BUEsh
653 _bENGARC
655 _vReading book
_934232
942 _cBB
_2ddc
999 _c3539
_d3539